[Event "NRW Class2 1819"]
[Site "Germany"]
[Date "2019.01.13"]
[Round "5.1"]
[White "Plassmann, Dominik"]
[Black "Waldschmidt, Georg"]
[Result "1-0"]
[WhiteElo "2153"]
[BlackElo "2183"]
[PlyCount "53"]
[EventDate "2018.09.16"]
[EventType "team-tourn"]
[EventRounds "9"]
[EventCountry "GER"]
[SourceTitle "EXT 2022"]
[Source "ChessBase"]
[SourceDate "2021.10.06"]
[SourceVersion "1"]
[SourceVersionDate "2021.10.06"]
[SourceQuality "1"]
[WhiteTeam "Guetersloh"]
[BlackTeam "Sodingen/Castrop SK"]
[WhiteTeamCountry "GER"]
[BlackTeamCountry "GER"]

1. e4 c5 2. d4 cxd4 3. c3 Nf6 4. e5 Nd5 5. Nf3 Nc6 6. Bc4 Nb6 7. Bb3 d5 8. exd6 Qxd6 9. 0-0 Be6 10. Na3 dxc3 11. Bxe6 Qxd1 12. Rxd1 fxe6 13. bxc3 g6 14. Ng5 Rd8 15. Be3 Nd5 16. Nb5 Rc8 17. Nxe6 Nxe3 18. fxe3 Bh6 19. Nbc7+ Kf7 20. Rf1+ Kg8 21. Nd5 Bf8 22. Rf3 Ne5 23. Rf4 Nd3 24. Rd4 Ne5 25. Rf1 Re8 26. Rdf4 Nd7 27. Rxf8+ 1-0

[Event "NRW Class2 1819"]
[Site "Germany"]
[Date "2018.09.16"]
[Round "1.1"]
[White "Siebrecht, Sebastian"]
[Black "Waldschmidt, Georg"]
[Result "1-0"]
[WhiteElo "2411"]
[BlackElo "2183"]
[PlyCount "75"]
[EventDate "2018.09.16"]
[EventType "team-tourn"]
[EventRounds "9"]
[EventCountry "GER"]
[SourceTitle "EXT 2022"]
[Source "ChessBase"]
[SourceDate "2021.10.06"]
[SourceVersion "1"]
[SourceVersionDate "2021.10.06"]
[SourceQuality "1"]
[WhiteTeam "Essen Katernberg"]
[BlackTeam "Sodingen/Castrop SK"]
[WhiteTeamCountry "GER"]
[BlackTeamCountry "GER"]

1. c4 Nf6 2. Nc3 c5 3. Nf3 d5 4. cxd5 Nxd5 5. e4 Nb4 6. Bc4 Be6 7. Bxe6 Nd3+ 8. Kf1 fxe6 9. Ne1 Nc6 10. h4 Qd7 11. Nxd3 Qxd3+ 12. Kg1 0-0-0 13. Rh3 Qa6 14. Na4 Qc4 15. Rc3 Qxe4 16. Nxc5 Qd5 17. Qe2 Nd4 18. Nxe6+ Kb8 19. Nxd4 Qxd4 20. d3 e6 21. Bg5 Re8 22. Rc4 Qd5 23. Bf4+ Bd6 24. Bxd6+ Qxd6 25. Rac1 Rd8 26. d4 Rhf8 27. R1c3 h6 28. g3 g5 29. hxg5 hxg5 30. Re3 Rf6 31. Re5 Rh6 32. Rxg5 Rdh8 33. Qe5 Qxe5 34. Rxe5 a6 35. Kf1 Rf8 36. Re2 Rh1+ 37. Kg2 Rd1 38. Rcc2 1-0

[Event "Ruhrgebiet Regionalliga 1718"]
[Site "Germany"]
[Date "2017.12.10"]
[Round "4.1"]
[White "Nissen, Claus"]
[Black "Waldschmidt, Georg"]
[Result "1/2-1/2"]
[WhiteElo "2120"]
[BlackElo "2209"]
[PlyCount "40"]
[EventDate "2017.10.01"]
[EventType "team-tourn"]
[EventRounds "9"]
[EventCountry "GER"]
[SourceTitle "EXT 2022"]
[Source "ChessBase"]
[SourceDate "2021.10.06"]
[SourceVersion "1"]
[SourceVersionDate "2021.10.06"]
[SourceQuality "1"]
[WhiteTeam "Oberhausen SV II"]
[BlackTeam "Sodingen/Castrop SK"]
[WhiteTeamCountry "GER"]
[BlackTeamCountry "GER"]

1. c4 e6 2. Nc3 d5 3. d4 c6 4. e4 Nf6 5. Bg5 dxe4 6. Nxe4 Bb4+ 7. Nc3 c5 8. Nf3 h6 9. Be3 0-0 10. Be2 Ng4 11. 0-0 cxd4 12. Bxd4 Nc6 13. a3 Be7 14. Ne4 Nxd4 15. Nxd4 Nf6 16. Nc3 a6 17. b4 Qc7 18. Qb3 e5 19. Nc2 Be6 20. Ne3 Rac8 1/2-1/2

[Event "Ruhrgebiet Regionalliga 1617"]
[Site "Germany"]
[Date "2016.12.04"]
[Round "4.3"]
[White "Waldschmidt, Georg"]
[Black "Huettemann, Karl Heinz"]
[Result "1/2-1/2"]
[WhiteElo "2221"]
[BlackElo "2055"]
[PlyCount "126"]
[EventDate "2016.09.11"]
[EventType "team-tourn"]
[EventRounds "9"]
[EventCountry "GER"]
[SourceTitle "EXT 2022"]
[Source "ChessBase"]
[SourceDate "2021.10.06"]
[SourceVersion "1"]
[SourceVersionDate "2021.10.06"]
[SourceQuality "1"]
[WhiteTeam "Sodingen/Castrop SK"]
[BlackTeam "Dortmund SV"]
[WhiteTeamCountry "GER"]
[BlackTeamCountry "GER"]

1. e4 c5 2. Nf3 Nf6 3. e5 Nd5 4. c3 Nc6 5. d4 cxd4 6. cxd4 d6 7. Bc4 dxe5 8. Bxd5 Qxd5 9. Nc3 Qa5 10. d5 Nd4 11. Nxd4 exd4 12. Qxd4 Qa6 13. Bf4 Bf5 14. 0-0-0 Rc8 15. d6 exd6 16. Rhe1+ Kd7 17. Re5 Rc4 18. Qd2 Be6 19. Kb1 Be7 20. b3 Rc6 21. Ne4 Rhc8 22. Ra5 Qb6 23. Be3 Qc7 24. Nc5+ Rxc5 25. Rxc5 Qxc5 26. Bxc5 Rxc5 27. Rc1 Rd5 28. Qb4 b5 29. g4 h5 30. h3 hxg4 31. hxg4 f5 32. f3 fxg4 33. fxg4 Bg5 34. Rc2 a6 35. Rg2 Rd1+ 36. Kc2 Rc1+ 37. Kb2 Bd5 38. Re2 Rg1 39. Qa5 Rxg4 40. Qxa6 Bf6+ 41. Kc2 Bc6 42. Qa7+ Kc8 43. Rh2 Re4 44. Qb6 Kd7 45. Qb8 Re8 46. Qa7+ Ke6 47. Re2+ Be5 48. Qxg7 Bf3 49. Qg6+ Ke7 50. Qh7+ Kd8 51. Re3 Bc6 52. Qh4+ Kc7 53. a4 bxa4 54. bxa4 Ra8 55. Ra3 Ra5 56. Qe7+ Bd7 57. Ra2 Bd4 58. Kd3 Bc5 59. Rg2 Ra7 60. Rg7 Kc6 61. Qe4+ Kb6 62. Qg2 Bxa4 63. Rxa7 Bb5+ 1/2-1/2

[Event "Ruhrgebiet Regionalliga 1617"]
[Site "Germany"]
[Date "2016.10.02"]
[Round "2.2"]
[White "Waldschmidt, Georg"]
[Black "Gelashvili, George"]
[Result "1/2-1/2"]
[WhiteElo "2221"]
[BlackElo "2096"]
[PlyCount "129"]
[EventDate "2016.09.11"]
[EventType "team-tourn"]
[EventRounds "9"]
[EventCountry "GER"]
[SourceTitle "EXT 2022"]
[Source "ChessBase"]
[SourceDate "2021.10.06"]
[SourceVersion "1"]
[SourceVersionDate "2021.10.06"]
[SourceQuality "1"]
[WhiteTeam "Sodingen/Castrop SK"]
[BlackTeam "Hamm SV"]
[WhiteTeamCountry "GER"]
[BlackTeamCountry "GER"]

1. e4 g6 2. d4 Bg7 3. Nc3 d6 4. f4 a6 5. Nf3 b5 6. Bd3 Bb7 7. 0-0 c5 8. dxc5 dxc5 9. e5 Nh6 10. Qe1 0-0 11. a4 b4 12. Ne4 Qc7 13. Neg5 c4 14. Be4 a5 15. c3 Na6 16. Be3 Rab8 17. Nd4 Bxe4 18. Nxe4 Qb7 19. Nd2 Rfc8 20. Qe2 Qd5 21. Nb5 Nf5 22. Ba7 Rb7 23. Ne4 Nc7 24. Nxc7 Rbxc7 25. Bb6 Rb7 26. Rfd1 Qc6 27. Bxa5 b3 28. Bb4 h5 29. Rd2 h4 30. a5 Bh6 31. Qf3 h3 32. g3 Bf8 33. Rad1 Rxb4 34. cxb4 Qa4 35. g4 Ng7 36. Qc3 Qc6 37. Ng5 Ne6 38. Nxe6 Qxe6 39. Qxh3 c3 40. bxc3 Qc4 41. Qe3 e6 42. Rd4 Qb5 43. Ra1 Rc6 44. Qd3 Qb8 45. Rd8 Qc7 46. a6 Rxc3 47. a7 Rxd3 48. Rxd3 b2 49. a8Q Qc1+ 50. Rxc1 bxc1Q+ 51. Kf2 Qxf4+ 52. Qf3 Qxh2+ 53. Kf1 Qxe5 54. Rb3 Qa1+ 55. Ke2 Qa2+ 56. Kd1 Bh6 57. Qd3 Qg2 58. Qe2 Qc6 59. Rb1 Qd5+ 60. Kc2 Bg7 61. Rb3 Qa8 62. Qc4 Qg2+ 63. Kb1 Qg1+ 64. Kc2 Qg2+ 65. Kb1 1/2-1/2

[Event "NRW Class2 1516"]
[Site "Germany"]
[Date "2016.01.10"]
[Round "5.3"]
[White "Waldschmidt, Georg"]
[Black "Peist, Juergen"]
[Result "1-0"]
[WhiteElo "2227"]
[BlackElo "2235"]
[PlyCount "57"]
[EventDate "2015.09.27"]
[EventType "team-tourn"]
[EventRounds "9"]
[EventCountry "GER"]
[SourceTitle "EXT 2017"]
[Source "ChessBase"]
[SourceDate "2016.10.25"]
[SourceVersion "1"]
[SourceVersionDate "2016.10.25"]
[SourceQuality "1"]
[WhiteTeam "Sodingen"]
[BlackTeam "Herford Koenigsspringer"]
[WhiteTeamCountry "GER"]
[BlackTeamCountry "GER"]

1. e4 Nc6 2. Nc3 e6 3. d4 d5 4. Nf3 Nf6 5. Bd3 Bb4 6. 0-0 Bxc3 7. exd5 Nxd4 8. bxc3 Nxf3+ 9. Qxf3 Qxd5 10. Qg3 Bd7 11. c4 Qc6 12. Qe3 b6 13. Bb2 0-0-0 14. a4 a5 15. Rfb1 e5 16. c5 Nd5 17. Qxe5 Qxc5 18. Bd4 f6 19. Qe4 Qc6 20. Ba6+ Kb8 21. Qe1 Nf4 22. Bf1 Bh3 23. Bxb6 cxb6 24. Qe3 Ka7 25. Qxf4 g5 26. Qe3 Bf5 27. Rb5 Rhe8 28. Rxa5+ Kb7 29. Ba6+ 1-0

[Event "Ruhrgebiet Regionalliga 1415"]
[Site "Germany"]
[Date "2015.05.03"]
[Round "9"]
[White "Waldschmidt, Georg"]
[Black "Koehn, Peter"]
[Result "1-0"]
[WhiteElo "2188"]
[BlackElo "2204"]
[PlyCount "57"]
[EventDate "2014.09.28"]
[EventType "team-tourn"]
[EventRounds "9"]
[EventCountry "GER"]
[SourceTitle "EXT 2022"]
[Source "ChessBase"]
[SourceDate "2021.10.06"]
[SourceVersion "1"]
[SourceVersionDate "2021.10.06"]
[SourceQuality "1"]
[WhiteTeam "Herne Sodingen"]
[BlackTeam "Wattenscheid SV II"]
[WhiteTeamCountry "GER"]
[BlackTeamCountry "GER"]

1. e4 g6 2. d4 Bg7 3. Nc3 d6 4. f4 Nf6 5. Nf3 0-0 6. Bd3 Na6 7. 0-0 c5 8. d5 Rb8 9. f5 Nb4 10. fxg6 hxg6 11. Bc4 Bg4 12. a3 Na6 13. Qe1 Bxf3 14. Rxf3 Qd7 15. Bb5 Qc8 16. Bg5 Nc7 17. Be2 Qg4 18. Rg3 Qd7 19. Rh3 Nh7 20. Be3 Bf6 21. Qg3 Rfd8 22. Rf1 b5 23. Rxf6 exf6 24. Qh4 Kf8 25. Qxh7 Qe8 26. Rf3 Qe5 27. Qh4 Ke7 28. Rxf6 Rh8 29. Re6+ 1-0

[Event "Ruhrgebiet Regionalliga 1415"]
[Site "Germany"]
[Date "2014.09.28"]
[Round "1.2"]
[White "Goldschmidt, Christian"]
[Black "Waldschmidt, Georg"]
[Result "0-1"]
[WhiteElo "2178"]
[BlackElo "2188"]
[PlyCount "38"]
[EventDate "2014.09.28"]
[EventType "team-tourn"]
[EventRounds "9"]
[EventCountry "GER"]
[SourceTitle "EXT 2022"]
[Source "ChessBase"]
[SourceDate "2021.10.06"]
[SourceVersion "1"]
[SourceVersionDate "2021.10.06"]
[SourceQuality "1"]
[WhiteTeam "Brackel SF"]
[BlackTeam "Herne Sodingen"]
[WhiteTeamCountry "GER"]
[BlackTeamCountry "GER"]

1. e4 c5 2. d4 cxd4 3. c3 Nf6 4. e5 Nd5 5. Nf3 e6 6. Qxd4 Nc6 7. Qe4 f5 8. Qe2 Qc7 9. g3 b6 10. Bg2 Ncb4 11. c4 Ba6 12. Na3 Rc8 13. b3 Nc3 14. Qe3 Ne4 15. Bb2 Nd5 16. cxd5 Bb4+ 17. Kd1 Bxa3 18. Bxa3 Qc2+ 19. Ke1 Rc3 0-1

[Event "NRW Class2 1314"]
[Site "Germany"]
[Date "2014.01.12"]
[Round "5.3"]
[White "Waldschmidt, Georg"]
[Black "Peist, Juergen"]
[Result "0-1"]
[WhiteElo "2197"]
[BlackElo "2237"]
[PlyCount "74"]
[EventDate "2013.09.15"]
[EventType "team-tourn"]
[EventRounds "9"]
[EventCountry "GER"]
[SourceTitle "EXT 2015"]
[Source "ChessBase"]
[SourceDate "2014.11.20"]
[SourceVersion "1"]
[SourceVersionDate "2014.11.20"]
[SourceQuality "1"]
[WhiteTeam "Herne Sodingen"]
[BlackTeam "Herford"]
[WhiteTeamCountry "GER"]
[BlackTeamCountry "GER"]

1. e4 e6 2. d4 d5 3. e5 c5 4. c3 Nc6 5. Nf3 Nge7 6. a3 c4 7. Nbd2 Qc7 8. b3 cxb3 9. Nxb3 Bd7 10. Bd3 h6 11. 0-0 Nc8 12. Nfd2 Na5 13. Nxa5 Qxa5 14. Rb1 Qxc3 15. Rb3 Qc7 16. Qe2 Nb6 17. Bb2 Ba4 18. Rc3 Qd7 19. Rfc1 Rc8 20. Nb3 Rxc3 21. Rxc3 Be7 22. Bc1 Nc4 23. Nd2 b5 24. Bb1 a5 25. Rg3 g6 26. Nf1 Qa7 27. Qg4 g5 28. Rd3 b4 29. axb4 axb4 30. Qh5 Na3 31. Rf3 Nxb1 32. Qxf7+ Kd7 33. Rf6 Qa6 34. Qg7 Re8 35. Rxh6 Nc3 36. Bxg5 Ne2+ 37. Kh1 Nxd4 0-1

[Event "NRW Class2 1314"]
[Site "Germany"]
[Date "2013.12.08"]
[Round "4.4"]
[White "Waldschmidt, Georg"]
[Black "Andok, Claus Michael"]
[Result "1-0"]
[WhiteElo "2197"]
[BlackElo "2079"]
[PlyCount "71"]
[EventDate "2013.09.15"]
[EventType "team-tourn"]
[EventRounds "9"]
[EventCountry "GER"]
[SourceTitle "EXT 2015"]
[Source "ChessBase"]
[SourceDate "2014.11.20"]
[SourceVersion "1"]
[SourceVersionDate "2014.11.20"]
[SourceQuality "1"]
[WhiteTeam "Herne Sodingen"]
[BlackTeam "Wuerselen"]
[WhiteTeamCountry "GER"]
[BlackTeamCountry "GER"]

1. e4 g6 2. d4 Bg7 3. Nc3 c6 4. h3 b5 5. a3 a6 6. Nf3 Bb7 7. Bd3 d6 8. e5 d5 9. 0-0 e6 10. Ne2 Nd7 11. Bg5 Qc7 12. Re1 c5 13. dxc5 Nxc5 14. Ng3 Rc8 15. Bf4 Ne7 16. Nd4 Nc6 17. Nxc6 Qxc6 18. Qg4 Nxd3 19. cxd3 h5 20. Qe2 h4 21. Rac1 Qb6 22. Rxc8+ Bxc8 23. Nf1 Bb7 24. Nh2 Rh5 25. Ng4 Rf5 26. Bh6 Bh8 27. Rc1 d4 28. Qe1 a5 29. b4 a4 30. Rc5 g5 31. Qc1 Kd7 32. Bxg5 Ba8 33. Bf6 Bxg2 34. Kxg2 Qb7+ 35. Kg1 Rf3 36. Qf1 1-0

[Event "Bayern-chI Bank Hofmann 14th"]
[Site "Bad Wiessee"]
[Date "2010.11.01"]
[Round "4"]
[White "Brodsky, Michail"]
[Black "Waldschmidt, Georg"]
[Result "1-0"]
[WhiteElo "2549"]
[BlackElo "2245"]
[PlyCount "81"]
[EventDate "2010.10.30"]
[EventType "swiss"]
[EventRounds "9"]
[EventCountry "GER"]
[SourceTitle "EXT 2011"]
[Source "ChessBase"]
[SourceDate "2010.11.26"]
[SourceVersion "1"]
[SourceVersionDate "2010.11.26"]
[SourceQuality "1"]

1. d4 d5 2. c4 e6 3. Nf3 c5 4. cxd5 exd5 5. g3 Nc6 6. Bg2 Nf6 7. 0-0 Be7 8. Nc3 0-0 9. Bg5 cxd4 10. Nxd4 h6 11. Be3 Bg4 12. Qa4 Na5 13. Rad1 Nc4 14. Bc1 Nb6 15. Qb5 Rc8 16. h3 Bd7 17. Qd3 Bb4 18. Ncb5 a6 19. a3 Bc5 20. Nc3 Na4 21. Nxa4 Bxa4 22. b3 Bd7 23. a4 Re8 24. Bb2 Ne4 25. Rc1 Qg5 26. h4 Qg6 27. e3 Bd6 28. Rxc8 Bxc8 29. Nf3 Bg4 30. Nd2 Nxd2 31. Qxd2 Rc8 32. Qxd5 Rc2 33. Be4 Rd2 34. Bxg6 Rxd5 35. Be4 Rd2 36. Bc3 Ra2 37. Bxb7 Be6 38. Rd1 Be7 39. Bd5 Bxd5 40. Rxd5 Ra3 41. Ra5 1-0

[Event "Bayern-chI Bank Hofmann 14th"]
[Site "Bad Wiessee"]
[Date "2010.10.31"]
[Round "3"]
[White "Waldschmidt, Georg"]
[Black "Eingorn, Vereslav S"]
[Result "1/2-1/2"]
[WhiteElo "2245"]
[BlackElo "2562"]
[PlyCount "54"]
[EventDate "2010.10.30"]
[EventType "swiss"]
[EventRounds "9"]
[EventCountry "GER"]
[SourceTitle "EXT 2011"]
[Source "ChessBase"]
[SourceDate "2010.11.26"]
[SourceVersion "1"]
[SourceVersionDate "2010.11.26"]
[SourceQuality "1"]

1. e4 c5 2. Nf3 Nc6 3. c3 e6 4. d4 d5 5. e5 Qb6 6. Be2 cxd4 7. cxd4 Nh6 8. Nc3 Nf5 9. Na4 Qa5+ 10. Bd2 Bb4 11. Bc3 b5 12. a3 Bxc3+ 13. Nxc3 b4 14. axb4 Qxb4 15. Bb5 Bd7 16. Bxc6 Bxc6 17. Qd2 0-0 18. 0-0 a5 19. Rfc1 Rfc8 20. g4 Ne7 21. Nd1 Qxd2 22. Nxd2 a4 23. Rc5 Bd7 24. Rxc8+ Nxc8 25. g5 Nb6 26. Kg2 Rc8 27. Nc3 f6 1/2-1/2

[Event "Nettetal op"]
[Site "Nettetal"]
[Date "2010.07.04"]
[Round "2"]
[White "Sturm, Frank"]
[Black "Waldschmidt, Georg"]
[Result "0-1"]
[WhiteElo "1941"]
[BlackElo "2227"]
[PlyCount "54"]
[EventDate "2010.07.03"]
[EventType "swiss"]
[EventRounds "9"]
[EventCountry "GER"]
[SourceTitle "CBM 137 Extra"]
[Source "ChessBase"]
[SourceDate "2010.09.01"]
[SourceVersion "1"]
[SourceVersionDate "2010.09.01"]
[SourceQuality "1"]

1. e4 c5 2. Nf3 e6 3. Qe2 Nc6 4. g3 g6 5. Bg2 Bg7 6. c3 Nge7 7. Na3 d5 8. exd5 exd5 9. d3 0-0 10. 0-0 Bf5 11. Bf4 Re8 12. Nb5 d4 13. c4 Nb4 14. Rfd1 Ned5 15. Qd2 Nxf4 16. Qxf4 Nxd3 17. Rxd3 Bxd3 18. Ng5 Bxc4 19. Nd6 Be5 20. Qh4 Qxd6 21. Qxh7+ Kf8 22. Ne4 Qe7 23. f4 Bg7 24. f5 gxf5 25. Qxf5 Qe5 26. Qf2 Bd3 27. Re1 Bh6 0-1

[Event "Nettetal op"]
[Site "Nettetal"]
[Date "2010.07.03"]
[Round "1"]
[White "Waldschmidt, Georg"]
[Black "Lenaerts, Lennert"]
[Result "1-0"]
[WhiteElo "2227"]
[BlackElo "1729"]
[PlyCount "55"]
[EventDate "2010.07.03"]
[EventType "swiss"]
[EventRounds "9"]
[EventCountry "GER"]
[SourceTitle "CBM 137 Extra"]
[Source "ChessBase"]
[SourceDate "2010.09.01"]
[SourceVersion "1"]
[SourceVersionDate "2010.09.01"]
[SourceQuality "1"]

1. e4 d5 2. exd5 Nf6 3. Nf3 Nxd5 4. d4 Bg4 5. c4 Nf6 6. Be2 g6 7. Qb3 b6 8. h3 Bc8 9. 0-0 Bg7 10. Ne5 Qxd4 11. Bf3 Ne4 12. Qb5+ Kf8 13. Nc6 Qf6 14. Bxe4 Bd7 15. Rd1 Nxc6 16. Rxd7 Nd4 17. Bxa8 e6 18. Rxd4 Qxd4 19. Nc3 Ke7 20. Be3 Qd6 21. Rd1 a6 22. Qc6 Qxc6 23. Bxc6 Bxc3 24. bxc3 f5 25. Bg5+ Kf7 26. Rd7+ Kg8 27. Bh6 e5 28. Bd5# 1-0

[Event "NRW Class1 0910"]
[Site "Germany"]
[Date "2010.04.25"]
[Round "9.4"]
[White "Guddat, Joachim"]
[Black "Waldschmidt, Georg"]
[Result "1/2-1/2"]
[WhiteElo "2153"]
[BlackElo "2215"]
[PlyCount "73"]
[EventDate "2009.09.20"]
[EventType "team-tourn"]
[EventRounds "9"]
[EventCountry "GER"]
[SourceTitle "EXT 2011"]
[Source "ChessBase"]
[SourceDate "2010.11.26"]
[SourceVersion "1"]
[SourceVersionDate "2010.11.26"]
[SourceQuality "1"]
[WhiteTeam "Krefeld Turm"]
[BlackTeam "Herne Sodingen"]
[WhiteTeamCountry "GER"]
[BlackTeamCountry "GER"]

1. d4 Nf6 2. Nc3 d5 3. Bg5 Nbd7 4. f3 c6 5. e4 dxe4 6. fxe4 e5 7. dxe5 Qa5 8. Nf3 Nxe4 9. Bd2 Nxc3 10. Bxc3 Bb4 11. Qd2 Bxc3 12. Qxc3 Qxc3+ 13. bxc3 0-0 14. 0-0-0 Nc5 15. Bd3 Be6 16. a3 h6 17. Rhf1 Rfe8 18. h3 Bd5 19. Rde1 Rad8 20. Re3 Nd7 21. Rfe1 Nb6 22. R1e2 Bxf3 23. Rxf3 Rd5 24. Rfe3 Ra5 25. c4 Kf8 26. Kb2 Rc5 27. Kb3 a5 28. Kc3 Nxc4 29. Bxc4 b5 30. Re4 bxc4 31. Kd4 Rd5+ 32. Kxc4 Re6 33. Kb3 Ke7 34. c4 Rd3+ 35. Ka4 Rg6 36. Kxa5 Rxa3+ 37. Kb6 1/2-1/2

[Event "NRW Class1 0910"]
[Site "Germany"]
[Date "2010.02.21"]
[Round "7.3"]
[White "Waldschmidt, Georg"]
[Black "Haves, Reinhard"]
[Result "1/2-1/2"]
[WhiteElo "2215"]
[BlackElo "2217"]
[PlyCount "62"]
[EventDate "2009.09.20"]
[EventType "team-tourn"]
[EventRounds "9"]
[EventCountry "GER"]
[SourceTitle "EXT 2011"]
[Source "ChessBase"]
[SourceDate "2010.11.26"]
[SourceVersion "1"]
[SourceVersionDate "2010.11.26"]
[SourceQuality "1"]
[WhiteTeam "Herne Sodingen"]
[BlackTeam "Neuenkirchen"]
[WhiteTeamCountry "GER"]
[BlackTeamCountry "GER"]

1. e4 g6 2. d4 Bg7 3. Nc3 d6 4. f4 a6 5. Nf3 b5 6. Bd3 Bb7 7. 0-0 Nd7 8. e5 e6 9. a4 b4 10. Ne4 Bxe4 11. Bxe4 d5 12. Bd3 c5 13. dxc5 Nxc5 14. Be3 Qc7 15. Qd2 Rb8 16. Kh1 Nxd3 17. cxd3 Ne7 18. Rfc1 Qb7 19. Bc5 Bf8 20. Bd6 Rc8 21. Qxb4 Qxb4 22. Bxb4 Nc6 23. Bxf8 Rxf8 24. b4 Kd7 25. Rab1 Na7 26. Nd4 Rxc1+ 27. Rxc1 Rb8 28. b5 axb5 29. axb5 Rb7 30. Rb1 Kc7 31. Kg1 Kb6 1/2-1/2

[Event "NRW-ch"]
[Site "Moenchengladbach"]
[Date "2009.10.16"]
[Round "7"]
[White "Waldschmidt, Georg"]
[Black "Frombach, Ralf"]
[Result "1-0"]
[WhiteElo "2215"]
[BlackElo "2216"]
[PlyCount "73"]
[EventDate "2009.10.10"]
[EventType "swiss"]
[EventRounds "7"]
[EventCountry "GER"]
[SourceTitle "CBM 132 Extra"]
[Source "ChessBase"]
[SourceDate "2009.11.03"]
[SourceVersion "1"]
[SourceVersionDate "2009.11.03"]
[SourceQuality "1"]

1. e4 d6 2. d4 Nf6 3. Nc3 c6 4. h3 Qa5 5. Bd2 e5 6. dxe5 dxe5 7. Nf3 Qc7 8. Qe2 Nbd7 9. g4 h6 10. Bg2 Nc5 11. 0-0 Be7 12. Ne1 b6 13. f4 Ba6 14. Nd3 Nxd3 15. cxd3 Rd8 16. Rf3 Nd7 17. Bf1 Nc5 18. fxe5 Bxd3 19. Qh2 Bxe4 20. Nxe4 Nxe4 21. Bf4 Qc8 22. Bc4 0-0 23. Raf1 b5 24. Bd3 Nc5 25. Bb1 Ne6 26. Qc2 g6 27. Bxh6 Nd4 28. Qe4 Nxf3+ 29. Qxf3 Qe6 30. Bxf8 Bxf8 31. Be4 Rd2 32. Bxc6 Rxb2 33. Bd5 Bc5+ 34. Kh1 Qe7 35. Bxf7+ Kg7 36. e6 Bd4 37. Qe4 1-0